Statistics for National Animals

Click here to take the quiz!

General Stats

  • This quiz has been taken 42,201 times
    (12,374 since last reset)
  • The average score is 12 of 23

Answer Stats

CountryAnimal% Correct
Australia (national animal)Kangaroo
87%
RussiaBear
81%
EnglandLion
80%
United States (national animal)Bald Eagle
77%
ChinaDragon
73%
New ZealandKiwi
72%
India (national animal)Bengal Tiger
67%
Australia (national bird)Emu
67%
ThailandElephant
61%
ChinaGiant Panda
60%
ScotlandUnicorn
56%
MadagascarRing Tailed Lemur
54%
MauritiusDodo
52%
Japan (national fish)Carp
50%
CanadaBeaver
46%
SpainBull
45%
FranceRooster
38%
United States (national mammal)Bison
38%
India (national reptile)King Cobra
31%
IndonesiaKomodo Dragon
28%
South AfricaSpringbok
28%
India (national bird)Peacock
22%
ColombiaAndean Condor
14%

Score Distribution

Percentile by Number Answered

Percent of People with Each Score

Your Score History

You have not taken this quiz since the last reset